Games We Play: (Record no. 183354)

MARC details
000 -LEADER
fixed length control field 00652 a2200205 4500
005 - DATE AND TIME OF LATEST TRANSACTION
control field 20211223144530.0
010 ## - LCCN (DPL NO)
LC control number ENG-130556
020 ## - INTERNATIONAL STANDARD BOOK NUMBER
International Standard Book Number 978-0-19-012681-0
Terms of availability 1395.00
035 ## - SYSTEM CONTROL NUMBER
System control number EN-114088
037 ## - SOURCE OF ACQUISITION
Source of stock number/acquisition DBAD/PUB
082 ## - DEWEY DECIMAL CLASSIFICATION NUMBER
Classification number 796.0954
Item number 1
245 ## - TITLE STATEMENT
Title Games We Play:
Remainder of title Sports In South Asia/
Statement of responsibility, etc Edited by Ronojoy Sen, Omita Goyal
250 ## - EDITION STATEMENT
Edition statement 2020
260 ## - PUBLICATION, DISTRIBUTION, ETC. (IMPRINT)
Place of publication, distribution, etc New Delhi
Name of publisher, distributor, etc Oxford University Press
Date of publication, distribution, etc 2020
270 ## - ADDRESS
Address 22 Workspace, 2nd Floor, 1/22 Asaf Ali Road
City New Delhi
Postal code 110002
300 ## - PHYSICAL DESCRIPTION
Extent ix,xi,xiii, 336p.
Dimensions 22cm (hbk)
700 ## - ADDED ENTRY--PERSONAL NAME
Personal name Sen, Ronojoy
700 ## - ADDED ENTRY--PERSONAL NAME
Personal name Goyal, Omita
942 ## - ADDED ENTRY ELEMENTS (KOHA)
Institution code [OBSOLETE] dpl
Item type English Books
Source of classification or shelving scheme Dewey Decimal Classification
Classification part 796.0954
Call number suffix GAM
Holdings
Withdrawn status Lost status Not for loan Collection code Home library Current library Date acquired Source of acquisition Cost, normal purchase price Full call number Barcode Copy number Cost, replacement price Koha item type
      Non-fiction Patel Nagar Patel Nagar 23/12/2021 DBAD/PUB 1395.00 796.0954 GAM EN-114088 1 1395.00 English Books

© Delhi Public Library
Hit Counter
free hit counter